[Event "40th POL-ch"]
[Site "Piotrkow Trybunalski POL"]
[Date "1983.02.25"]
[Round "13"]
[White "Bernard, Ryszard"]
[Black "Flis, Jacek"]
[Result "1/2-1/2"]
[WhiteElo "2340"]
[BlackElo "2325"]
[EventDate "1983.02.12"]
[PlyCount "33"]

1.e4 g6 2.d4 Bg7 3.c3 d6 4.f4 c6 5.Nf3 d5 6.e5 Bf5 7.Be2 e6 8.O-O h5 9.
Nbd2 Bg4 10.h3 Bxf3 11.Nxf3 Nh6 12.Be3 Nf5 13.Bf2 h4 14.Bd3 Bf8 15.Qd2 Be7
16.b3 Kf8 17.Qe2 1/2-1/2

[Event "40th POL-ch"]
[Site "Piotrkow Trybunalski POL"]
[Date "1983.02.25"]
[Round "13"]
[White "Kiedrowicz, Jan"]
[Black "Sznapik, Aleksander"]
[Result "1/2-1/2"]
[WhiteElo "2385"]
[BlackElo "2460"]
[EventDate "1983.02.12"]
[PlyCount "101"]

1.Nf3 g6 2.d4 Bg7 3.c4 Nf6 4.Nc3 O-O 5.e4 d6 6.Be2 e5 7.Be3 Ng4 8.Bg5 f6 
9.Bc1 Nc6 10.O-O exd4 11.Nb5 d3 12.Qxd3 Nge5 13.Qd1 Nxf3+ 14.Bxf3 Be6 15.
Be2 f5 16.exf5 Bxf5 17.Bg4 a6 18.Nc3 Qh4 19.Bxf5 Rxf5 20.f4 Re8 21.Bd2 g5 
22.g3 Qh3 23.fxg5 Bd4+ 24.Kh1 Ne5 25.Qe2 Ref8 26.Bf4 Bxc3 27.bxc3 R5f7 28.
c5 Ng6 29.cxd6 cxd6 30.Qc4 b5 31.Qd5 Qf5 32.Qc6 Qd7 33.Qd5 Qf5 34.Qd4 Qg4 
35.Qd5 Qf5 36.Rad1 Qxd5+ 37.Rxd5 Nxf4 38.gxf4 Rxf4 39.Rxf4 Rxf4 40.Rxd6 
Ra4 41.Rd2 Kg7 42.Kg2 Kg6 43.h4 Kh5 44.Rd7 Kxh4 45.Rxh7+ Kxg5 46.Kf3 Rxa2 
47.Ke4 Ra4+ 48.Kd5 Ra3 49.c4 Rd3+ 50.Ke4 bxc4 51.Rc7 1/2-1/2

[Event "40th POL-ch"]
[Site "Piotrkow Trybunalski POL"]
[Date "1983.02.25"]
[Round "13"]
[White "Ksieski, Zbigniew"]
[Black "Bielczyk, Jacek"]
[Result "1/2-1/2"]
[WhiteElo "2355"]
[BlackElo "2410"]
[EventDate "1983.02.12"]
[PlyCount "45"]

1.d4 Nf6 2.Nf3 g6 3.c4 d6 4.Nc3 Nbd7 5.e4 e5 6.Be2 Bg7 7.O-O O-O 8.Re1 c6 
9.Rb1 Re8 10.d5 Nc5 11.Bf1 a5 12.b3 Bd7 13.Nd2 Qb8 14.a3 Qa7 15.h3 Bh6 16.
Qc2 Rac8 17.b4 axb4 18.axb4 Na6 19.dxc6 bxc6 20.b5 Nc5 21.Nb3 Bxc1 22.Nxc5
Qxc5 23.b6 1/2-1/2

[Event "40th POL-ch"]
[Site "Piotrkow Trybunalski POL"]
[Date "1983.02.25"]
[Round "13"]
[White "Pinkas, Karol"]
[Black "Borkowski, Franciszek"]
[Result "1/2-1/2"]
[WhiteElo "2405"]
[BlackElo "2380"]
[EventDate "1983.02.12"]
[PlyCount "84"]

1.e4 e5 2.Nf3 Nf6 3.d4 Nxe4 4.Bd3 d5 5.Nxe5 Nd7 6.O-O Nxe5 7.dxe5 Be6 8.c4
Nc5 9.cxd5 Qxd5 10.Bb5+ c6 11.Qxd5 Bxd5 12.Nc3 Be6 13.Be2 Be7 14.f4 g6 15.
g4 f5 16.exf6 Bxf6 17.Be3 b6 18.Bf3 Rc8 19.Rad1 Bc4 20.Rf2 O-O 21.Rfd2 
Rce8 22.Bd4 Bg5 23.Bxc6 Bxf4 24.Bxe8 Bxd2 25.Rxd2 Rxe8 26.Bf6 Nd3 27.Kg2 
Re3 28.Bg5 Ne1+ 29.Kg1 Nf3+ 30.Kf2 Rxc3 31.Rd8+ Kf7 32.bxc3 Nxg5 33.Rd7+ 
Ke6 34.Rxa7 Ne4+ 35.Ke3 Nxc3 36.a4 Bb3 37.a5 Nd5+ 38.Kd4 bxa5 39.Rxa5 Ne7 
40.Ra6+ Kf7 41.Ke5 Bd1 42.Ra7 Kf8 1/2-1/2

[Event "40th POL-ch"]
[Site "Piotrkow Trybunalski POL"]
[Date "1983.02.25"]
[Round "13"]
[White "Sarwinski, Miroslaw"]
[Black "Szymczak, Zbigniew"]
[Result "0-1"]
[WhiteElo "2375"]
[BlackElo "2460"]
[EventDate "1983.02.12"]
[PlyCount "70"]

1.d4 Nf6 2.c4 d6 3.Nc3 Nbd7 4.Bg5 c6 5.Nf3 e5 6.e3 Qa5 7.Qc2 e4 8.Bxf6 
Nxf6 9.Nd2 Bf5 10.a3 Bg6 11.b4 Qf5 12.h3 h5 13.g3 Be7 14.Bg2 d5 15.c5 O-O 
16.a4 b6 17.O-O a5 18.cxb6 Bxb4 19.Na2 Bxd2 20.Qxd2 Rfb8 21.Rab1 Nd7 22.b7
Ra7 23.Rb2 Nf8 24.Qc3 Raxb7 25.Rxb7 Rxb7 26.Qxa5 h4 27.gxh4 Qd7 28.Qc3 Bf5
29.Kh2 Ng6 30.Rc1 Nxh4 31.Bh1 Qd6+ 32.Kg1 Qg6+ 33.Kh2 Bd7 34.Rg1 Qf5 35.
Rg3 Qxf2+ 0-1

[Event "40th POL-ch"]
[Site "Piotrkow Trybunalski POL"]
[Date "1983.02.25"]
[Round "13"]
[White "Schmidt, Wlodzimierz"]
[Black "Sygulski, Artur"]
[Result "1/2-1/2"]
[WhiteElo "2450"]
[BlackElo "2425"]
[EventDate "1983.02.12"]
[PlyCount "82"]

1.d4 d5 2.c4 c6 3.Nf3 Nf6 4.Nc3 g6 5.Qb3 Qb6 6.Qxb6 axb6 7.cxd5 Nxd5 8.
Nxd5 cxd5 9.e3 Nc6 10.Bd2 Bd7 11.Bb5 e6 12.O-O Bd6 13.Rfc1 Na5 14.Be2 f6 
15.Ne1 Ke7 16.h4 Rhc8 17.Rxc8 Rxc8 18.Rc1 Nc4 19.Bxc4 dxc4 20.Nc2 Ba4 21.
Nb4 Kd7 22.a3 Bxb4 23.Bxb4 Bc6 24.Rxc4 Bd5 25.Rxc8 Kxc8 26.Be7 f5 27.f3 
Kd7 28.Bg5 b5 29.Kf2 Bc4 30.e4 fxe4 31.fxe4 Bd3 32.Ke3 Bc2 33.Bh6 b4 34.
axb4 b5 35.g4 Kd6 36.Bf8+ Kd7 37.g5 e5 38.dxe5 Bb3 39.Kd4 Bc4 40.Kc5 Bd3 
41.Bg7 Be2 1/2-1/2

[Event "40th POL-ch"]
[Site "Piotrkow Trybunalski POL"]
[Date "1983.02.25"]
[Round "13"]
[White "Staniszewski, Piotr"]
[Black "Dobrzynski, Wojciech"]
[Result "1/2-1/2"]
[WhiteElo "2370"]
[BlackElo "2340"]
[EventDate "1983.02.12"]
[PlyCount "72"]

1.d4 g6 2.c4 Bg7 3.Nf3 d6 4.g3 Nf6 5.Bg2 O-O 6.O-O c6 7.Nc3 Qa5 8.h3 Be6 
9.Nd2 Na6 10.a3 c5 11.d5 Bd7 12.Kh2 Nc7 13.Rb1 b5 14.b4 cxb4 15.axb4 Qb6 
16.c5 dxc5 17.Nde4 Nxe4 18.Nxe4 cxb4 19.Be3 Qb8 20.Bc5 Qd8 21.d6 exd6 22.
Nxd6 Be6 23.Nb7 Qxd1 24.Rfxd1 a5 25.Bb6 Na6 26.Nxa5 Ba2 27.Bxa8 Bxb1 28.
Bb7 Bc2 29.Rc1 b3 30.Nxb3 Bxb3 31.Bxa6 Bc4 32.Rxc4 bxc4 33.Bxc4 h5 34.Kg2 
Bc3 35.Bd3 Rb8 36.Be3 Rd8 1/2-1/2

[Event "40th POL-ch"]
[Site "Piotrkow Trybunalski POL"]
[Date "1983.02.26"]
[Round "14"]
[White "Bielczyk, Jacek"]
[Black "Kiedrowicz, Jan"]
[Result "1/2-1/2"]
[WhiteElo "2410"]
[BlackElo "2385"]
[EventDate "1983.02.12"]
[PlyCount "40"]

1.e4 c5 2.Nf3 d6 3.d4 cxd4 4.Nxd4 Nf6 5.Nc3 a6 6.f4 Nbd7 7.a4 Nc5 8.Bd3 g6
9.Nf3 Bg7 10.O-O O-O 11.Qe2 e5 12.fxe5 dxe5 13.Kh1 Nxd3 14.cxd3 Nh5 15.Be3
Bg4 16.Rad1 f5 17.d4 Qc7 18.Qd3 fxe4 19.Qxe4 Bxf3 20.Rxf3 Rxf3 1/2-1/2

[Event "40th POL-ch"]
[Site "Piotrkow Trybunalski POL"]
[Date "1983.02.26"]
[Round "14"]
[White "Borkowski, Franciszek"]
[Black "Stempin, Pawel"]
[Result "0-1"]
[WhiteElo "2380"]
[BlackElo "2375"]
[EventDate "1983.02.12"]
[PlyCount "136"]

1.e4 d6 2.d4 Nf6 3.Nc3 g6 4.Be2 Bg7 5.h4 h5 6.Bg5 c6 7.Qd2 b5 8.a3 Nbd7 9.
Nf3 Ng4 10.O-O a6 11.Rad1 Nf8 12.d5 c5 13.b4 Qc7 14.bxc5 Qxc5 15.Na2 Nh7 
16.c4 Nxg5 17.hxg5 bxc4 18.Rc1 Qxa3 19.Rxc4 O-O 20.Rb1 Bd7 21.Rc7 Bb5 22.
Rxe7 Bxe2 23.Qxe2 Rab8 24.Reb7 Rxb7 25.Rxb7 Rc8 26.g3 a5 27.Kg2 Qc5 28.Ne1
Ne5 29.Kf1 Nc4 30.Qd3 a4 31.Nb4 a3 32.Nec2 Ra8 33.Na2 Bb2 34.Kg2 Qc8 35.
Rb5 Ne5 36.Qb3 Qa6 37.Ne3 Rc8 38.f4 Nd7 39.f5 Nc5 40.Qc4 Ra8 41.g4 h4 42.
Kh3 Nd7 43.Qc6 Qa7 44.Rb3 Nc5 45.Rb6 Nxe4 46.Nc4 Rd8 47.Qb7 Qxb7 48.Rxb7 
Bd4 49.Nxa3 Ra8 50.Nc2 Nxg5+ 51.Kxh4 Nf3+ 52.Kg3 Rxa2 53.Nxd4 Nxd4 54.fxg6
fxg6 55.Kf4 Kf8 56.Kg5 Ra5 57.Kxg6 Rxd5 58.Kf6 Ke8 59.Rh7 Re5 60.Rh8+ Kd7 
61.Rh7+ Kc6 62.Rh5 Kd5 63.g5 Ne6 64.Rh1 Nxg5 65.Rd1+ Kc6 66.Rc1+ Rc5 67.
Rxc5+ dxc5 68.Kxg5 Kd5 0-1

[Event "40th POL-ch"]
[Site "Piotrkow Trybunalski POL"]
[Date "1983.02.26"]
[Round "14"]
[White "Dobrzynski, Wojciech"]
[Black "Ksieski, Zbigniew"]
[Result "0-1"]
[WhiteElo "2340"]
[BlackElo "2355"]
[EventDate "1983.02.12"]
[PlyCount "138"]

1.Nf3 Nf6 2.g3 d5 3.Bg2 Bf5 4.O-O e6 5.b3 Be7 6.Bb2 O-O 7.d3 h6 8.Nbd2 c6 
9.c4 a5 10.a3 Na6 11.Qc2 Bh7 12.Rfd1 Qb6 13.Qc3 a4 14.b4 c5 15.b5 d4 16.
Qc2 Nc7 17.e4 Nd7 18.e5 f5 19.exf6 gxf6 20.Bh3 f5 21.Re1 Bf6 22.Re2 Rf7 
23.Rc1 Qd6 24.Rf1 e5 25.Ne1 Ne6 26.Bg2 Nb6 27.Bc1 Bg7 28.Qa2 Rd8 29.Nef3 
Re8 30.Rfe1 Nf8 31.Nh4 Rfe7 32.Bh3 Qf6 33.f3 Kh8 34.Bf1 Nfd7 35.Ng2 h5 36.
Qc2 Qd6 37.Nh4 Bh6 38.Nb1 Bxc1 39.Qxc1 e4 40.Qg5 Rg8 41.Qxh5 Qf6 42.fxe4 
Rg5 43.Qf3 Ne5 44.Qg2 Nxd3 45.e5 Qe6 46.Rd1 Nf4 47.Qf3 Nxe2+ 48.Qxe2 f4 
49.Nd2 fxg3 50.Ndf3 gxh2+ 51.Kxh2 Rh5 52.Bh3 Bf5 53.Nxd4 Rxh4 54.Nxe6 
Rxh3+ 55.Kg2 Rxe6 56.Rd6 Re7 57.Qf2 Nxc4 58.Rd8+ Kg7 59.Qxc5 Ne3+ 60.Kg1 
Kf7 61.Rd4 Ke8 62.Kf2 Ng4+ 63.Kf1 Rf3+ 64.Kg2 Nxe5 65.Rh4 Rg7+ 66.Kh2 Ng6 
67.Rh5 Ne7 68.Qc4 Rf2+ 69.Kh1 Rg4 0-1

[Event "40th POL-ch"]
[Site "Piotrkow Trybunalski POL"]
[Date "1983.02.26"]
[Round "14"]
[White "Flis, Jacek"]
[Black "Adamski, Jan"]
[Result "1/2-1/2"]
[WhiteElo "2325"]
[BlackElo "2425"]
[EventDate "1983.02.12"]
[PlyCount "22"]

1.e4 c5 2.Nf3 e6 3.d4 cxd4 4.Nxd4 a6 5.Nc3 Qc7 6.Be2 b5 7.O-O Bb7 8.Bf3 
Nc6 9.Re1 Bd6 10.Nxc6 dxc6 11.g3 Nf6 1/2-1/2

[Event "40th POL-ch"]
[Site "Piotrkow Trybunalski POL"]
[Date "1983.02.26"]
[Round "14"]
[White "Pinkas, Karol"]
[Black "Sarwinski, Miroslaw"]
[Result "1/2-1/2"]
[WhiteElo "2405"]
[BlackElo "2375"]
[EventDate "1983.02.12"]
[PlyCount "57"]

1.e4 c5 2.Nf3 d6 3.d4 cxd4 4.Nxd4 Nf6 5.Nc3 e6 6.Be2 Be7 7.O-O O-O 8.f4 
Nc6 9.Be3 Qc7 10.Qe1 Nxd4 11.Bxd4 e5 12.Be3 exf4 13.Rxf4 Be6 14.Qg3 Nd7 
15.Bd3 a6 16.Nd5 Bxd5 17.exd5 Bf6 18.Rxf6 Nxf6 19.Qh4 h6 20.Bxh6 Qb6+ 21.
Kh1 Qxb2 22.Rf1 gxh6 23.Qxh6 Rfe8 24.h3 Ne4 25.Bxe4 Rxe4 26.Rf5 Re5 27.
Qg5+ Kf8 28.Qh6+ Kg8 29.Qg5+ 1/2-1/2

[Event "40th POL-ch"]
[Site "Piotrkow Trybunalski POL"]
[Date "1983.02.26"]
[Round "14"]
[White "Sygulski, Artur"]
[Black "Staniszewski, Piotr"]
[Result "1/2-1/2"]
[WhiteElo "2425"]
[BlackElo "2370"]
[EventDate "1983.02.12"]
[PlyCount "126"]

1.c4 c5 2.Nf3 Nf6 3.Nc3 Nc6 4.g3 g6 5.Bg2 Bg7 6.O-O O-O 7.d4 d6 8.d5 Na5 
9.Nd2 a6 10.Qc2 Rb8 11.b3 b5 12.Bb2 Bf5 13.e4 Bd7 14.h3 Nh5 15.cxb5 axb5 
16.Kh2 e5 17.Ne2 f5 18.f4 Qe7 19.Rae1 Rbe8 20.fxe5 Bxe5 21.Bxe5 Qxe5 22.
exf5 Bxf5 23.Qc1 Bc8 24.Nf4 Qg5 25.Rf3 Rxe1 26.Qxe1 Nxf4 27.gxf4 Qxd5 28.
Rg3 Qf5 29.Nf3 Nc6 30.Nh4 Qxf4 31.Bxc6 Qf2+ 32.Qxf2 Rxf2+ 33.Rg2 Rxg2+ 34.
Kxg2 b4 35.Nf3 Kg7 36.Nd2 Kf6 37.Kf3 Ke6 38.Be4 Ba6 39.Kf4 d5 40.Bc2 Kf6 
41.Nf3 h6 42.Ke3 Bc8 43.Ng1 g5 44.Bd3 Be6 45.Bf1 Bf5 46.Ne2 Ke5 47.Nc1 Kd6
48.Nd3 Bg6 49.Kf3 Bf5 50.Kf2 Be4 51.Kg3 Bf5 52.Kf3 Be6 53.Nf2 c4 54.Ke3 
cxb3 55.axb3 d4+ 56.Kxd4 Bxb3 57.Ng4 Bc2 58.Nxh6 b3 59.Kc3 Ke5 60.Be2 Kf4 
61.Bg4 Kg3 62.Nf7 Be4 63.Nxg5 Bg2 1/2-1/2

[Event "40th POL-ch"]
[Site "Piotrkow Trybunalski POL"]
[Date "1983.02.26"]
[Round "14"]
[White "Sznapik, Aleksander"]
[Black "Bernard, Ryszard"]
[Result "1-0"]
[WhiteElo "2460"]
[BlackElo "2340"]
[EventDate "1983.02.12"]
[PlyCount "74"]

1.c4 c6 2.e4 d5 3.exd5 cxd5 4.cxd5 Nf6 5.Nc3 Nxd5 6.d4 e6 7.Nf3 Be7 8.Bd3 
Nc6 9.O-O O-O 10.Re1 Nf6 11.a3 b6 12.Bg5 Bb7 13.Bc2 Rc8 14.Qd3 g6 15.Bh6 
Re8 16.Rad1 Nd5 17.Bb3 Na5 18.Ba4 Bc6 19.Bxc6 Nxc6 20.Ne4 Nf6 21.h4 Nxe4 
22.Rxe4 Qd5 23.Ne5 f5 24.Ree1 Bxh4 25.Qh3 Bf6 26.Qg3 Nxd4 $2 
    ( 26...Bg7 $15 )
27.Nxg6 $1 Ne2+ 28.Rxe2 Qxd1+ 29.Kh2 Kf7 30.Ne5+ Ke7 31.Qe3 Qd5 32.Bg5 Rg8
33.Bxf6+ Kxf6 34.Qh6+ Rg6 35.Qh4+ Kg7 36.Qe7+ Kh6 37.Nxg6 Kxg6 1-0

[Event "40th POL-ch"]
[Site "Piotrkow Trybunalski POL"]
[Date "1983.02.26"]
[Round "14"]
[White "Szymczak, Zbigniew"]
[Black "Schmidt, Wlodzimierz"]
[Result "1/2-1/2"]
[WhiteElo "2460"]
[BlackElo "2450"]
[EventDate "1983.02.12"]
[PlyCount "44"]

1.e4 d6 2.d4 Nf6 3.Nc3 g6 4.Nf3 Bg7 5.Be2 O-O 6.O-O c6 7.h3 Nbd7 8.e5 Ne8 
9.exd6 exd6 10.Bg5 Nef6 11.Qd2 b5 12.Qf4 Qc7 13.Bd3 Bb7 14.Rfe1 Rfe8 15.a3
a6 16.Rad1 Rac8 17.Bf1 Nh5 18.Qd2 Nb6 19.Rxe8+ Rxe8 20.Re1 Rxe1 21.Qxe1 
Qc8 22.Ne4 Bf8 1/2-1/2

[Event "40th POL-ch"]
[Site "Piotrkow Trybunalski POL"]
[Date "1983.02.27"]
[Round "15"]
[White "Bernard, Ryszard"]
[Black "Bielczyk, Jacek"]
[Result "1/2-1/2"]
[WhiteElo "2340"]
[BlackElo "2410"]
[EventDate "1983.02.12"]
[PlyCount "35"]

1.e4 c5 2.Nf3 Nc6 3.c3 Nf6 4.e5 Nd5 5.d4 cxd4 6.cxd4 d6 7.Bc4 Nb6 8.Bb5 
dxe5 9.Nxe5 Bd7 10.Bxc6 Bxc6 11.Nxc6 bxc6 12.O-O g6 13.Nc3 Bg7 14.Be3 O-O 
15.Rc1 Nd5 16.Nxd5 cxd5 17.Qa4 Qb6 18.b3 1/2-1/2

[Event "40th POL-ch"]
[Site "Piotrkow Trybunalski POL"]
[Date "1983.02.27"]
[Round "15"]
[White "Kiedrowicz, Jan"]
[Black "Dobrzynski, Wojciech"]
[Result "1-0"]
[WhiteElo "2385"]
[BlackElo "2340"]
[EventDate "1983.02.12"]
[PlyCount "56"]

1.d4 g6 2.c4 Bg7 3.Nf3 d6 4.Nc3 Nf6 5.e4 O-O 6.Be2 e5 7.O-O Nc6 8.d5 Ne7 
9.Nd2 Nd7 10.b4 f5 11.c5 Nf6 12.f3 f4 13.Nc4 g5 14.a4 Ng6 15.Ba3 Ne8 16.b5
b6 17.cxd6 cxd6 18.Na2 Bf6 19.Nb4 Qd7 20.Nc6 Bd8 21.Qb3 Rf6 22.Rac1 Kh8 
23.a5 Bc7 24.Nxa7 Rxa7 25.axb6 Rxa3 26.Qxa3 Bd8 27.Qa8 Ne7 28.Ra1 Bb7 1-0

[Event "40th POL-ch"]
[Site "Piotrkow Trybunalski POL"]
[Date "1983.02.27"]
[Round "15"]
[White "Ksieski, Zbigniew"]
[Black "Sygulski, Artur"]
[Result "1/2-1/2"]
[WhiteElo "2355"]
[BlackElo "2425"]
[EventDate "1983.02.12"]
[PlyCount "54"]

1.d4 Nf6 2.c4 e6 3.Nc3 d5 4.Nf3 c5 5.cxd5 Nxd5 6.e4 Nxc3 7.bxc3 cxd4 8.
cxd4 Bb4+ 9.Bd2 Qa5 10.Rb1 Bxd2+ 11.Qxd2 Qxd2+ 12.Kxd2 O-O 13.Bb5 a6 14.
Bd3 b5 15.Rhc1 Nd7 16.a4 bxa4 17.Rc4 Nf6 18.Ne5 a3 19.Ra4 Rd8 20.Rbb4 a5 
21.Nc6 Bd7 22.Nxd8 Bxa4 23.Rxa4 Rxd8 24.Rxa5 g6 25.e5 Nd5 26.Rxa3 Nb4 27.
Ke3 Nd5+ 1/2-1/2

[Event "40th POL-ch"]
[Site "Piotrkow Trybunalski POL"]
[Date "1983.02.27"]
[Round "15"]
[White "Sarwinski, Miroslaw"]
[Black "Borkowski, Franciszek"]
[Result "1-0"]
[WhiteElo "2375"]
[BlackElo "280"]
[EventDate "1983.02.12"]
[PlyCount "131"]

1.d4 Nf6 2.c4 c5 3.d5 e5 4.Nc3 d6 5.e4 g6 6.g3 Bg7 7.f3 Na6 8.Bh3 Bxh3 9.
Nxh3 Qd7 10.Nf2 Nc7 11.f4 Nh5 12.f5 b5 13.b3 Bf6 14.Bd2 Rb8 15.Rb1 Be7 16.
O-O b4 17.Na4 Nf6 18.g4 gxf5 19.gxf5 Kd8 20.Kh1 Kc8 21.Qf3 Kb7 22.Nd3 Rhg8
23.Naxc5+ dxc5 24.Nxe5 Qe8 25.Nd3 Ng4 26.e5 Kb6 27.d6 Nxe5 28.Nxe5 Bxd6 
29.Ng4 Qe7 30.Rbe1 Qh4 31.Ne5 Bxe5 32.Rxe5 Rbe8 33.Bf4 Rxe5 34.Bxe5 Rd8 
35.Qf4 Qe7 36.Qh6+ Kb7 37.Qf6 Qd7 38.Bg3 Re8 39.Qd6 Qxd6 40.Bxd6 Kc6 41.
Bg3 Re2 42.Rd1 Ne8 43.Rd8 a5 44.Kg1 a4 45.bxa4 Ng7 46.Rd6+ Kb7 47.Rd7+ Kb6
48.a5+ Kxa5 49.Rxf7 Nh5 50.Rxh7 Nxg3 51.hxg3 Kb6 52.Rh2 Re1+ 53.Kg2 Kc6 
54.Kf3 Rc1 55.Re2 Kd7 56.g4 Rxc4 57.g5 Rc1 58.g6 Rg1 59.Rg2 Rf1+ 60.Ke2 
Ra1 61.Kd3 b3 62.axb3 Ra8 63.Re2 Rb8 64.f6 Rxb3+ 65.Kc2 Ra3 66.Kb2 1-0

[Event "40th POL-ch"]
[Site "Piotrkow Trybunalski POL"]
[Date "1983.02.27"]
[Round "15"]
[White "Schmidt, Wlodzimierz"]
[Black "Pinkas, Karol"]
[Result "0-1"]
[WhiteElo "2450"]
[BlackElo "2405"]
[EventDate "1983.02.12"]
[PlyCount "80"]

1.d4 Nf6 2.c4 e6 3.Nf3 d5 4.Nc3 Nbd7 5.cxd5 exd5 6.Bf4 c6 7.Qc2 Bb4 8.Nd2 
O-O 9.a3 Be7 10.h3 Re8 11.e3 Nf8 12.Bd3 Ng6 13.Bh2 Bd6 14.Bxd6 Qxd6 15.O-O
Nh4 16.Rfe1 Nh5 $1 17.Bxh7+ Kh8 18.Bd3 Qh6 19.Bf1 Qg5 20.Kh2 Re6 21.Ne2 
Rg6 22.f4 Qxg2+ $3 23.Bxg2 Rxg2+ 24.Kh1 Bxh3 25.Rg1 
    ( 25.Qb3 )
25...Rxe2 26.Qd1 Nf5 27.Qxe2 Nhg3+ 28.Kh2 Nxe2 29.Rg5 Re8 30.Rh5+ Kg8 31.
Rxh3 Nxe3 32.Kh1 Nf5 33.Rb3 Nexd4 34.Rh3 Re2 35.Nf3 Nxf3 36.Rxf3 Rxb2 37.
Re1 f6 38.Re8+ Kf7 39.Rc8 d4 40.Kg1 Ke6 0-1

[Event "40th POL-ch"]
[Site "Piotrkow Trybunalski POL"]
[Date "1983.02.27"]
[Round "15"]
[White "Staniszewski, Piotr"]
[Black "Szymczak, Zbigniew"]
[Result "1/2-1/2"]
[WhiteElo "2370"]
[BlackElo "2460"]
[EventDate "1983.02.12"]
[PlyCount "30"]

1.d4 Nf6 2.c4 c5 3.d5 g6 4.Nc3 Bg7 5.e4 d6 6.Bd3 O-O 7.h3 e6 8.Nf3 exd5 9.
exd5 Re8+ 10.Be3 b5 11.Nxb5 Ne4 12.O-O a6 13.Nc3 Nxc3 14.bxc3 Bxc3 15.Rb1 
Nd7 
    {(..48)}
1/2-1/2

[Event "40th POL-ch"]
[Site "Piotrkow Trybunalski POL"]
[Date "1983.02.27"]
[Round "15"]
[White "Stempin, Pawel"]
[Black "Flis, Jacek"]
[Result "1/2-1/2"]
[WhiteElo "2375"]
[BlackElo "2325"]
[EventDate "1983.02.12"]
[PlyCount "23"]

1.d4 d6 2.e4 Nf6 3.Nc3 g6 4.Bg5 Bg7 5.f4 O-O 6.Nf3 Na6 7.e5 Ne8 8.Bc4 c6 
9.Qd2 b5 10.Be2 Nec7 11.Bh4 b4 12.Ne4 1/2-1/2